<?xml version="1.0" encoding="UTF-8"?><?xml-stylesheet type="text/xsl" href="static/style.xsl"?><OAI-PMH xmlns="http://www.openarchives.org/OAI/2.0/" xmlns:xsi="http://www.w3.org/2001/XMLSchema-instance" xsi:schemaLocation="http://www.openarchives.org/OAI/2.0/ http://www.openarchives.org/OAI/2.0/OAI-PMH.xsd"><responseDate>2026-04-29T02:37:32Z</responseDate><request verb="GetRecord" identifier="oai:repisalud.isciii.es:20.500.12105/11998" metadataPrefix="marc">https://repisalud.isciii.es/rest/oai/request</request><GetRecord><record><header><identifier>oai:repisalud.isciii.es:20.500.12105/11998</identifier><datestamp>2025-05-27T12:52:12Z</datestamp><setSpec>com_20.500.12105_2052</setSpec><setSpec>com_20.500.12105_2051</setSpec><setSpec>col_20.500.12105_19608</setSpec><setSpec>col_20.500.12105_19613</setSpec></header><metadata><record xmlns="http://www.loc.gov/MARC21/slim" xmlns:dcterms="http://purl.org/dc/terms/" xmlns:doc="http://www.lyncode.com/xoai" xmlns:xsi="http://www.w3.org/2001/XMLSchema-instance" xsi:schemaLocation="http://www.loc.gov/MARC21/slim http://www.loc.gov/standards/marcxml/schema/MARC21slim.xsd">
   <leader>00925njm 22002777a 4500</leader>
   <datafield ind2=" " ind1=" " tag="042">
      <subfield code="a">dc</subfield>
   </datafield>
   <datafield ind2=" " ind1=" " tag="720">
      <subfield code="a">Molist, Gemma</subfield>
      <subfield code="e">author</subfield>
   </datafield>
   <datafield ind2=" " ind1=" " tag="720">
      <subfield code="a">Barrio, Gregorio</subfield>
      <subfield code="e">author</subfield>
   </datafield>
   <datafield ind2=" " ind1=" " tag="720">
      <subfield code="a">Santos, Sara</subfield>
      <subfield code="e">author</subfield>
   </datafield>
   <datafield ind2=" " ind1=" " tag="720">
      <subfield code="a">Brugal, M Teresa</subfield>
      <subfield code="e">author</subfield>
   </datafield>
   <datafield ind2=" " ind1=" " tag="720">
      <subfield code="a">Rodríguez-Artalejo, Fernando</subfield>
      <subfield code="e">author</subfield>
   </datafield>
   <datafield ind2=" " ind1=" " tag="720">
      <subfield code="a">Pulido, Jose</subfield>
      <subfield code="e">author</subfield>
   </datafield>
   <datafield ind2=" " ind1=" " tag="720">
      <subfield code="a">Guitart, Anna</subfield>
      <subfield code="e">author</subfield>
   </datafield>
   <datafield ind2=" " ind1=" " tag="720">
      <subfield code="a">Fuente, Luis de la</subfield>
      <subfield code="e">author</subfield>
   </datafield>
   <datafield ind2=" " ind1=" " tag="260">
      <subfield code="c">2012</subfield>
   </datafield>
   <datafield ind2=" " ind1=" " tag="520">
      <subfield code="a">[ES]  Objetivos: El uso sanitario del Índice Nacional de Defunciones (INDEF) está aumentando por su gratuidad y accesibilidad. Partiendo de hallazgos inesperados al cruzar dos cohortes de pacientes con el INDEF, se pretende valorar la calidad de la información de esta fuente. Métodos: Los registros individuales de dos cohortes de tratados por drogas en Barcelona (n=19.974) y Madrid (n=17.557) se cruzaron con el INDEF y luego con el Instituto Nacional de Estadística (INE) para asignar el estado vital. Se obtuvieron la especificidad y la sensibilidad del INDEF en relación al INE, y estimaciones de la mortalidad con ambos sistemas. Se calculó también la subestimación de la mortalidad en el conjunto de España en el mismo periodo. Resultados: Durante1997-2008, en Madrid, la búsqueda independiente en el INDEF subestimó la mortalidad un 18,9% con respecto al INE. Una búsqueda individualizada posterior restringida a los muertos detectados en el INE pero no en el INDEF la redujo al 13,9%. En Barcelona, con búsqueda combinada (independiente más restringida),la subestimación fue del 3,3%.Durante 2001-2002 la subestimación con búsquedas combinadas llegó al 32,3% en Madrid y al 7,3% en Barcelona. La subestimación también se aprecia en el conjunto de la población española (1,8% en 1997-2008 y 9,3% en 2001-2002). Durante 1997-2008 la especificidad de las búsquedas independientes en el INDEF fue del 100%, pero su sensibilidad en Madrid fue sólo del 81%. Conclusiones: La calidad del INDEF es suficiente para muchos usos sanitarios, pero subestima la mortalidad con importantes variaciones temporo-espaciales. Mejorar sus algoritmos de búsqueda, posibilitar tabulaciones online de los principales resultados, introducir controles de calidad y evaluarlo sistemáticamente, permitirían aumentar su calidad. [EN] Objective: The use of the Spanish National Death Index (S-NDI) is increasing as it is free and easily accessible. Prompted by unexpected findings when linking two cohorts of patients with the S-NDI, this study was performed to evaluate the quality of mortality data from this source. Methods: Individual records of two cohorts of persons admitted to drug abuse treatment in Barcelona (n = 19,974) and Madrid (n = 17,557) were linked with the S-NDI and then with the National Statistics Institute (NSI) to assign vital status. The sensitivity and specificity of the S-NDI in relation to the NSI and estimates of mortality with both systems were obtained. Underestimation of mortality by the S-NDI for the same period in the whole of Spain was also calculated. Results For Madrid, from 1997-2008, independent searches in the S-NDI underestimated mortality by 18.9% compared with the NSI. A subsequent individualized search limited to deaths detected by the NSI but not by the S-NDI reduced underestimation to 13.9%. For Barcelona, underestimation with a combined search (independent plus limited) was 3.3%. From 2001-2002, underestimation with combined searches reached 32.3% in Madrid and 7.3% in Barcelona. Underestimation was also seen in the general Spanish population (1.8% in 1997-2008 and 9.3% in 2001-2002). From 1997-2008, the specificity of independent searches in the S-NDI was 100%, but its sensitivity in Madrid was only 81%. Conclusions: The quality of the S-NDI is good enough for many uses in the health sector, but this index underestimates mortality with substantial spatiotemporal variations. The quality of the S-NDI could be increased by improving its search algorithms, enabling on-line tabulations of the main results, and introducing quality controls and routine evaluations.</subfield>
   </datafield>
   <datafield ind1="8" ind2=" " tag="024">
      <subfield code="a">Gac Sanit. May-Jun 2012;26(3):261-6.</subfield>
   </datafield>
   <datafield ind1="8" ind2=" " tag="024">
      <subfield code="a">http://hdl.handle.net/20.500.12105/11998</subfield>
   </datafield>
   <datafield ind1="8" ind2=" " tag="024">
      <subfield code="a">22112717</subfield>
   </datafield>
   <datafield ind1="8" ind2=" " tag="024">
      <subfield code="a">10.1016/j.gaceta.2011.08.008</subfield>
   </datafield>
   <datafield ind1="8" ind2=" " tag="024">
      <subfield code="a">1578-1283</subfield>
   </datafield>
   <datafield ind1="8" ind2=" " tag="024">
      <subfield code="a">Gaceta sanitaria</subfield>
   </datafield>
   <datafield tag="653" ind2=" " ind1=" ">
      <subfield code="a">Validez</subfield>
   </datafield>
   <datafield tag="653" ind2=" " ind1=" ">
      <subfield code="a">Mortalidad en cohortes</subfield>
   </datafield>
   <datafield tag="653" ind2=" " ind1=" ">
      <subfield code="a">Enlace de registros</subfield>
   </datafield>
   <datafield tag="653" ind2=" " ind1=" ">
      <subfield code="a">Indice Nacional de Defunciones (INDEF)</subfield>
   </datafield>
   <datafield tag="653" ind2=" " ind1=" ">
      <subfield code="a">Spanish National Death Index</subfield>
   </datafield>
   <datafield tag="653" ind2=" " ind1=" ">
      <subfield code="a">Validity</subfield>
   </datafield>
   <datafield tag="653" ind2=" " ind1=" ">
      <subfield code="a">Cohort mortality</subfield>
   </datafield>
   <datafield tag="653" ind2=" " ind1=" ">
      <subfield code="a">Record linkage</subfield>
   </datafield>
   <datafield ind2="0" ind1="0" tag="245">
      <subfield code="a">Déficit de calidad del Índice Nacional de Defunciones: lecciones aprendidas al estudiar la mortalidad de dos cohortes de admitidos a tratamiento por drogas</subfield>
   </datafield>
</record></metadata></record></GetRecord></OAI-PMH>